000 00682nam a2200181Ia 4500
003 IN-BaIIA
008 211028s9999 xx 000 0 eng d
020 _a978-0-7354-1177-7
040 _cIIA Library
080 _a(058)378(73)
_bGRA
110 _aAmerican Institute of Physics
_92416
245 0 _a2014 Graduate programs in physics, astronomy and related fields
_cAmerican institute of physics
260 _aCollege park
_bAmerican institute of physics
_c2013
300 _av, 728p.
650 _aAstronomy - study and teaching (Higher) United States - directories
_932024
650 _aPhysics - study and teaching (Higher) -- United States - directories
_932025
942 _cBK
999 _c19069
_d19069